00580nam a2200169Ia 4500008004100000041001200041082001600053100002100069245004100090250001200131260003300143300000700176650001300183942000700196999001900203952018800222231217s9999 xx 000 0 und d aEnglish a294.54 JUN aJungalwalla, P N 0aHuman values in Zoroastrian religion a1st ed. c1998bBharatiya Vidya Bhavan a87 aReligion cAA c167199d167199 r2024-01-26 00:00:00l0o294.54 JUNp15961v17.00w2024-01-26yAAzGandhi Books1040708CL00aMLbMLd2000-07-26ePrism Booksg20.00EGENK2000/CRB/000739L13/09/2003GRSF1V3W15